000
00334nam a22001457a 4500
008
240318b ||||| |||| 00| 0 eng d
020
_a
0521247535
041
_a
eng
080
_2
1983
_a
101
082
_a
101BEN
100
_a
44
101
_a
FILOZOFI
245
_a
EVOLUTION FROM MOLECULES TO MEN
_c
D.S.BENDALL
942
_2
udc
_c
BK
999
_c
60597
_d
60597